00466nam a2200145Ia 4500003000400000005001700004008004100021040000900062082001800071100002300089245008700112260008000199300000900279650003200288OSt20201125140226.0190216s9999||||xx |||||||||||||| ||und|| coclc a891.73bSHO/Q aSholokhov, Mikhail 0aAnd quiet flows the don b a novel in four books, book four /cMikhail sholokhov b"Progress Publishers, Moscow",c1967.a union of soviet socialist republic  a691p aEnglish Novel-English Novel